Analysis of Cognitive Disproportion between Positive and Negative Response to Visual Marketing Stimuli

Rozhodovanie je jedným z najzložitejších procesov, ktoré je v súčasnosti posudzované výskumníkmi zo všetkých druhov vedeckých oblastí. Náš výskum sa zameriava na analýzu kognitívnych funkcií disproporcie medzi pozitívnou a negatívnou reakciou na stimuly vizuálneho marketingu. Návrh a konečné výsledk...

Descrizione completa

Salvato in:
Dettagli Bibliografici
Autore principale: Šlosár, Róbert
Altri autori: Štetka, Peter, 1986-
Natura: Capitolo di libro
Lingua:inglese
Soggetti:
Tags: Aggiungi Tag
Nessun Tag, puoi essere il primo ad aggiungerne!!

MARC

LEADER 00000nla a2200000 4500
001 0243085
005 20240502073938.8
041 0 |a eng 
044 |a SK 
245 1 0 |a Analysis of Cognitive Disproportion between Positive and Negative Response to Visual Marketing Stimuli 
520 |a Rozhodovanie je jedným z najzložitejších procesov, ktoré je v súčasnosti posudzované výskumníkmi zo všetkých druhov vedeckých oblastí. Náš výskum sa zameriava na analýzu kognitívnych funkcií disproporcie medzi pozitívnou a negatívnou reakciou na stimuly vizuálneho marketingu. Návrh a konečné výsledky konkrétneho experimentu vykonaného na overenie a na ďalšiu analýzu tejto disproporcie. 
610 2 0 |a rozhodovanie 
610 2 0 |a procesy rozhodovacie 
610 2 0 |a marketing 
610 2 0 |a neuromarketing 
610 2 0 |a psychológia ekonomická 
610 2 0 |a psychológia predaja 
610 2 0 |a psychológia reklamy 
100 1 |a Šlosár, Róbert 
700 1 |a Štetka, Peter, 1986-